L'infant i el parvulari / M. Teresa Codina
Descripción Física:
74 p. ; 21'5 cm
Colección:
Temes d'infància ; 19
Materias:
Parvulari -- Mètodes actius
MARC
| LEADER | 00000nam a2200000Ia 4500 | ||
|---|---|---|---|
| 001 | 9727 | ||
| 008 | 160829s1992 xx 000 0 cat d | ||
| 080 | |a E-1-196 | ||
| 100 | |a Codina, M. Teresa |9 29137 | ||
| 245 | |a L'infant i el parvulari / M. Teresa Codina | ||
| 260 | |a Barcelona : |b Associació de Mestres de Rosa Sensat : |b Diputació de Barcelona, |c 1992 | ||
| 300 | |a 74 p. ; |c 21'5 cm | ||
| 490 | |a Temes d'infància ; 19 | ||
| 650 | |a Parvulari |x Mètodes actius |9 29136 | ||
| 710 | 1 | |a Barcelona (Catalunya : Província). |b Diputació |9 52408 | |
| 710 | 2 | |a Rosa Sensat (Associació) |9 54183 | |
| 901 | |a Arxiu | ||
| 942 | |n 1 | ||
| 952 | |0 0 |1 0 |4 0 |6 E1196 |7 1 |9 45074 |a Arxiu |b Arxiu |d 2016-12-01 |l 0 |o E-1-196 |p 9727 |r 2016-12-01 00:00:00 |w 2016-12-01 |y ARXIU | ||
| 999 | |c 47694 |d 47694 | ||